Circe Sturm, Blood Politics, Race, Culture and Identity in the Cherokee Nation of Oklahoma,, Berkeley, University of California Press, 2002, 249 p., index, bibl. cartes (notice n° 1645922)
[ vue normale ]
| 000 -LEADER | |
|---|---|
| fixed length control field | 00579cam a2200145 4500500 |
| 005 - DATE AND TIME OF LATEST TRANSACTION | |
| control field | 20260208002335.0 |
| 041 ## - LANGUAGE CODE | |
| Language code of text/sound track or separate title | fre |
| 042 ## - AUTHENTICATION CODE | |
| Authentication code | dc |
| 100 10 - MAIN ENTRY--PERSONAL NAME | |
| Personal name | Rostkowski, Joëlle |
| Relator term | author |
| 245 00 - TITLE STATEMENT | |
| Title | Circe Sturm, Blood Politics, Race, Culture and Identity in the Cherokee Nation of Oklahoma,, Berkeley, University of California Press, 2002, 249 p., index, bibl. cartes |
| 260 ## - PUBLICATION, DISTRIBUTION, ETC. | |
| Date of publication, distribution, etc. | 2005.<br/> |
| 500 ## - GENERAL NOTE | |
| General note | 44 |
| 786 0# - DATA SOURCE ENTRY | |
| Note | L'Homme | 173 | 1 | 2005-01-01 | p. 199j-283j | 0439-4216 |
| 856 41 - ELECTRONIC LOCATION AND ACCESS | |
| Uniform Resource Identifier | <a href="https://shs.cairn.info/revue-l-homme-2005-1-page-199j?lang=fr&redirect-ssocas=7080">https://shs.cairn.info/revue-l-homme-2005-1-page-199j?lang=fr&redirect-ssocas=7080</a> |
Pas d'exemplaire disponible.




Réseaux sociaux